[Event "WJCC U20 Girls 2019"]
[Site "New Delhi"]
[Date "2019.10.19"]
[Round "6.7"]
[White "Chitlange Sakshi"]
[Black "Dordzhieva, Dinara"]
[Result "1/2-1/2"]
[WhiteElo "2175"]
[BlackElo "2335"]
[Annotator "NA"]
[PlyCount "121"]
[EventDate "2019.10.15"]
[EventType "swiss"]
[EventCountry "IND"]
[SourceTitle "playchess.com"]
[Source "ChessBase"]
[SourceQuality "1"]
[TimeControl "40/5400+30:1800+30"]

1. d4 {[%emt 0:00:00]} Nf6 {[%emt 0:01:50]} 2. c4 {[%emt 0:00:00]} e6 {[%emt 0:00:22]} 3. Nf3 {[%emt 0:00:07]} c5 {[%emt 0:00:06]} 4. d5 {[%emt 0:00:39]} exd5 {[%emt 0:00:08]} 5. cxd5 {[%emt 0:00:06]} d6 {[%emt 0:00:02]} 6. Nc3 {[%emt 0:02:32]} g6 {[%emt 0:00:06]} 7. Bf4 {[%emt 0:01:03]} a6 {[%emt 0:00:06]} 8. a4 {[%emt 0:00:05]} Bg7 {[%emt 0:00:05]} 9. h3 {[%emt 0:01:00]} O-O {[%emt 0:00:07]} 10. e3 {[%emt 0:00:03]} Qe7 {[%emt 0:00:13]} 11. Be2 {[%emt 0:01:52]} Nbd7 {[%emt 0:00:14]} 12. O-O {[%emt 0:00:44]} Rb8 {[%emt 0:00:25]} 13. Qc2 {[%emt 0:08:47]} Nh5 $14 {[%emt 0:09:11]} 14. Bh2 {[%emt 0:01:20]} f5 {[%emt 0:00:05]} 15. Nd2 {[%emt 0:03:20]} Nhf6 {[%emt 0:00:20]} 16. Rab1 {[%emt 0:03:51]} Ne5 {[%emt 0:10:56]} 17. b4 {[%emt 0:07:15]} cxb4 {[%emt 0:06:36]} 18. Rxb4 {[%emt 0:00:00]} Qc7 {[%emt 0:05:28]} 19. Rc1 {[%emt 0:06:33]} Kh8 {[%emt 0:03:01]} 20. Qb1 {[%emt 0:04:38]} Qf7 {[%emt 0:11:47]} 21. Qa2 {[%emt 0:13:36]} b6 {[%emt 0:04:47]} 22. Bxe5 {[%emt 0:16:45]} dxe5 {[%emt 0:00:11]} 23. Nc4 {[%emt 0:00:07]} Nd7 {[%emt 0:12:32]} 24. Qb1 {[%emt 0:02:02]} e4 {[%emt 0:17:48]} 25. Nxb6 {[%emt 0:01:41]} Nxb6 {[%emt 0:06:50]} 26. Rxb6 {[%emt 0:00:01]} Rxb6 {[%emt 0:00:04]} 27. Qxb6 {[%emt 0:00:06]} f4 {[%emt 0:00:02]} 28. Nxe4 {[%emt 0:09:19]} Qxd5 {[%emt 0:01:05]} 29. Bf3 {[%emt 0:00:00]} fxe3 {[%emt 0:01:09]} 30. Qxe3 {[%emt 0:00:02]} Qe5 {[%emt 0:01:13]} 31. Rc5 {[%emt 0:05:48]} Qe7 {[%emt 0:01:44]} 32. Qg5 {[%emt 0:01:40]} Qe8 {[%emt 0:00:56]} 33. Qc1 {[%emt 0:01:29]} Bd7 {[%emt 0:01:35]} 34. a5 {[%emt 0:00:44]} Bd4 {[%emt 0:02:08]} 35. Rc4 {[%emt 0:01:24]} Bg7 {[%emt 0:00:12]} 36. Rc7 {[%emt 0:01:19]} Bf5 {[%emt 0:01:46]} 37. Nd6 {[%emt 0:02:52]} Qe6 {[%emt 0:00:06]} 38. Nxf5 {[%emt 0:03:00]} Qxf5 {[%emt 0:00:09]} 39. Rc5 {[%emt 0:01:02]} Qd3 {[%emt 0:02:17]} 40. Rd5 {[%emt 0:02:27]} Qb3 {[%emt 0:00:58]} 41. Rd7 {[%emt 0:30:35]} Qc3 {[%emt 0:02:19]} 42. Qxc3 {[%emt 0:00:00]} Bxc3 {[%emt 0:00:10]} 43. Rd6 {[%emt 0:00:00]} Bxa5 {[%emt 0:00:07]} 44. Rxa6 {[%emt 0:00:00]} Bc3 {[%emt 0:00:04]} 45. h4 {[%emt 0:00:00]} Bd4 {[%emt 0:01:48]} 46. Rd6 {[%emt 0:00:00]} Bc5 {[%emt 0:00:34]} 47. Rd5 {[%emt 0:00:00]} Rf5 {[%emt 0:00:59]} 48. Rd7 {[%emt 0:00:00]} Rf4 {[%emt 0:00:25]} 49. h5 {[%emt 0:00:00]} gxh5 {[%emt 0:00:59]} 50. Rd5 {[%emt 0:00:00]} Rc4 {[%emt 0:00:29]} 51. Bxh5 {[%emt 0:00:00]} Rc2 {[%emt 0:00:10]} 52. Rf5 {[%emt 0:00:00]} Rc1+ {[%emt 0:00:12]} 53. Kh2 {[%emt 0:00:00]} Bd6+ {[%emt 0:00:09]} 54. Kh3 {[%emt 0:00:00]} Rc5 {[%emt 0:00:06]} 55. Kg4 {[%emt 0:00:00]} Rxf5 {[%emt 0:00:03]} 56. Kxf5 {[%emt 0:00:00]} Kg7 {[%emt 0:00:03]} 57. Ke6 {[%emt 0:00:00]} Bc5 {[%emt 0:00:02]} 58. f4 {[%emt 0:00:00]} Bd4 {[%emt 0:00:05]} 59. g4 {[%emt 0:00:00]} h6 {[%emt 0:00:04]} 60. Be8 {[%emt 0:00:00]} Bc3 {[%emt 0:00:05]} 61. Bh5 {[%emt 0:00:00]} 1/2-1/2

[Event "WJCC U20 Girls 2019"]
[Site "New Delhi"]
[Date "2019.10.19"]
[Round "6.8"]
[White "Priyanka Nutakki"]
[Black "Antova, Gabriela"]
[Result "0-1"]
[WhiteElo "2248"]
[BlackElo "2318"]
[Annotator "NA"]
[PlyCount "130"]
[EventDate "2019.10.15"]
[EventType "swiss"]
[EventCountry "IND"]
[SourceTitle "playchess.com"]
[Source "ChessBase"]
[SourceQuality "1"]
[TimeControl "40/5400+30:1800+30"]

1. Nf3 {[%emt 0:00:00]} d5 {[%emt 0:00:00]} 2. c4 {[%emt 0:00:00]} e6 {[%emt 0:00:00]} 3. e3 {[%emt 0:00:00]} Nf6 {[%emt 0:00:27]} 4. Nc3 {[%emt 0:02:23]} c6 {[%emt 0:00:38]} 5. b3 {[%emt 0:00:18]} Nbd7 {[%emt 0:00:56]} 6. Bb2 {[%emt 0:00:07]} Bd6 {[%emt 0:00:26]} 7. Be2 {[%emt 0:00:36]} O-O {[%emt 0:00:12]} 8. O-O {[%emt 0:00:19]} e5 {[%emt 0:03:34]} 9. cxd5 {[%emt 0:00:31]} Nxd5 {[%emt 0:00:09]} 10. Ne4 {[%emt 0:01:11]} Bc7 {[%emt 0:00:36]} 11. d4 $11 {[%emt 0:16:03]} Qe7 {[%emt 0:04:30]} 12. dxe5 {[%emt 0:05:19]} Nxe5 {[%emt 0:00:48]} 13. Ng3 {[%emt 0:01:07]} Ng4 {[%emt 0:21:44]} 14. Qd4 {[%emt 0:06:13]} Qf6 {[%emt 0:03:55]} 15. Qxf6 {[%emt 0:09:17]} Ngxf6 {[%emt 0:01:08]} 16. Nd4 {[%emt 0:11:51]} Re8 {[%emt 0:03:34]} 17. Rac1 {[%emt 0:02:05]} a5 {[%emt 0:09:45]} 18. a3 {[%emt 0:02:14]} g6 {[%emt 0:01:32]} 19. Rfd1 {[%emt 0:07:53]} Be5 {[%emt 0:05:34]} 20. Bf3 {[%emt 0:03:51]} Bg4 {[%emt 0:01:16]} 21. Rd2 {[%emt 0:03:19]} h5 {[%emt 0:05:48]} 22. Nge2 {[%emt 0:07:06]} Rad8 {[%emt 0:07:10]} 23. h3 {[%emt 0:05:59]} Bxf3 {[%emt 0:00:51]} 24. gxf3 {[%emt 0:00:32]} Nd7 {[%emt 0:06:17]} 25. Nc3 {[%emt 0:05:30]} Nc5 {[%emt 0:08:50]} 26. Nce2 {[%emt 0:02:56]} Nd7 {[%emt 0:00:06]} 27. Nc3 {[%emt 0:00:12]} Nxc3 {[%emt 0:02:31]} 28. Bxc3 {[%emt 0:00:18]} Bc7 {[%emt 0:00:11]} 29. b4 {[%emt 0:01:37]} Ne5 {[%emt 0:01:25]} 30. Kg2 {[%emt 0:01:16]} Nc4 {[%emt 0:00:38]} 31. Ra2 {[%emt 0:00:06]} a4 {[%emt 0:00:35]} 32. Ba1 {[%emt 0:00:58]} Ne5 {[%emt 0:01:23]} 33. b5 {[%emt 0:01:17]} c5 {[%emt 0:05:28]} 34. Rxc5 {[%emt 0:00:35]} Bd6 {[%emt 0:00:05]} 35. Rc3 {[%emt 0:01:32]} f5 {[%emt 0:01:11]} 36. f4 {[%emt 0:00:25]} Nd7 {[%emt 0:00:16]} 37. Rac2 {[%emt 0:01:02]} Nb6 {[%emt 0:01:07]} 38. Ne2 {[%emt 0:01:07]} Bb8 {[%emt 0:03:21]} 39. Bb2 {[%emt 0:00:25]} Rd5 {[%emt 0:00:19]} 40. Rc5 {[%emt 0:00:41]} Rd3 {[%emt 0:00:51]} 41. Nd4 {[%emt 0:08:42]} Bd6 {[%emt 0:12:04]} 42. R5c3 {[%emt 0:00:13]} Rxc3 {[%emt 0:00:48]} 43. Rxc3 {[%emt 0:00:02]} Rc8 {[%emt 0:00:41]} 44. Rxc8+ {[%emt 0:01:54]} Nxc8 {[%emt 0:00:02]} 45. Nf3 {[%emt 0:00:36]} Na7 {[%emt 0:01:28]} 46. Nd4 {[%emt 0:00:42]} Be7 {[%emt 0:04:24]} 47. Kf3 {[%emt 0:19:10]} Bf6 {[%emt 0:01:28]} 48. Bc3 {[%emt 0:03:41]} Bxd4 {[%emt 0:01:02]} 49. Bxd4 {[%emt 0:00:01]} Nxb5 {[%emt 0:00:06]} 50. Bb2 {[%emt 0:00:02]} Kf7 {[%emt 0:01:09]} 51. Kg3 {[%emt 0:00:23]} Nd6 {[%emt 0:02:01]} 52. f3 {[%emt 0:00:26]} Nc4 {[%emt 0:00:25]} 53. Bc1 {[%emt 0:00:06]} b5 {[%emt 0:00:39]} 54. e4 {[%emt 0:00:04]} b4 {[%emt 0:02:06]} 55. axb4 {[%emt 0:00:02]} a3 {[%emt 0:00:05]} 56. Bxa3 {[%emt 0:00:02]} Nxa3 {[%emt 0:00:04]} 57. Kh4 {[%emt 0:00:29]} Kf6 {[%emt 0:01:32]} 58. e5+ {[%emt 0:02:10]} Kg7 {[%emt 0:00:45]} 59. Kg3 {[%emt 0:00:47]} Nb5 {[%emt 0:00:46]} 60. Kf2 {[%emt 0:00:41]} Kf7 {[%emt 0:00:13]} 61. Ke3 {[%emt 0:00:05]} Ke6 {[%emt 0:00:13]} 62. Kd3 {[%emt 0:00:34]} Kd5 {[%emt 0:00:32]} 63. e6 {[%emt 0:00:06]} Kxe6 {[%emt 0:03:33]} 64. Kc4 {[%emt 0:00:01]} Nc7 {[%emt 0:01:36]} 65. b5 {[%emt 0:02:13]} Nxb5 {[%emt 0:01:21] Kd4 Ke5+} 0-1

[Event "WJCC U20 Girls 2019"]
[Site "New Delhi"]
[Date "2019.10.19"]
[Round "6.9"]
[White "Afraoui, Anaelle"]
[Black "Protopopova, Anastasiya"]
[Result "1-0"]
[WhiteElo "2106"]
[BlackElo "2263"]
[Annotator "NA"]
[PlyCount "115"]
[EventDate "2019.10.15"]
[EventType "swiss"]
[EventCountry "IND"]
[SourceTitle "playchess.com"]
[Source "ChessBase"]
[SourceQuality "1"]
[TimeControl "40/5400+30:1800+30"]

1. e4 c5 2. Nf3 e6 3. d4 cxd4 4. Nxd4 Nf6 5. Nc3 Nc6 6. Ndb5 Bb4 7. a3 Bxc3+ 8. Nxc3 d5 9. exd5 exd5 10. Bf4 d4 $11 11. Nb5 O-O 12. Be2 Nd5 13. Bg3 f5 14. c4 Nde7 15. Qd2 Ng6 16. Bd6 a6 17. Nc7 Qxd6 18. Nxa8 d3 19. Qxd3 Nd4 20. Rd1 Rd8 21. c5 Qe5 22. g3 f4 23. O-O Be6 24. Rfe1 Qf6 25. Nc7 Bb3 26. Qxb3+ Nxb3 27. Rxd8+ Qxd8 28. Bc4+ Kh8 29. Re8+ Qxe8 30. Nxe8 Nxc5 31. b4 Nd7 32. gxf4 Nxf4 33. Nd6 Ne5 34. Ba2 Nf3+ 35. Kh1 b6 36. Nf7+ Kg8 37. Ne5+ Kf8 38. Nxf3 Ke7 39. h4 a5 40. bxa5 bxa5 41. Kh2 Ne2 42. Bc4 Nc3 43. Ng5 h6 44. Ne6 Kf6 45. Kg2 g5 46. hxg5+ hxg5 47. Nd4 Ke5 48. Nc6+ Ke4 49. Nxa5 Kd4 50. Bf1 Kc5 51. Nc4 Kb5 52. Kf3 Ka4 53. Kg4 Nd1 54. f3 Nf2+ 55. Kxg5 Nh1 56. f4 Ng3 57. Bd3 Kb3 58. Kg4 1-0

[Event "WJCC U20 Girls 2019"]
[Site "New Delhi"]
[Date "2019.10.19"]
[Round "6.10"]
[White "Munkhzul, Turmunkh"]
[Black "Olde, Margareth"]
[Result "1/2-1/2"]
[WhiteElo "2332"]
[BlackElo "2205"]
[Annotator "NA"]
[PlyCount "138"]
[EventDate "2019.10.15"]
[EventType "swiss"]
[EventCountry "IND"]
[SourceTitle "playchess.com"]
[Source "ChessBase"]
[SourceQuality "1"]
[TimeControl "40/5400+30:1800+30"]

1. e4 {[%emt 0:00:00]} e5 {[%emt 0:00:00]} 2. Nf3 {[%emt 0:00:22]} Nc6 {[%emt 0:00:00]} 3. Bb5 {[%emt 0:01:23]} a6 {[%emt 0:00:04]} 4. Ba4 {[%emt 0:00:59]} Nf6 {[%emt 0:00:10]} 5. O-O {[%emt 0:01:11]} Be7 {[%emt 0:00:11]} 6. Re1 {[%emt 0:00:28]} b5 {[%emt 0:00:14]} 7. Bb3 {[%emt 0:00:08]} d6 {[%emt 0:00:15]} 8. c3 {[%emt 0:01:11]} O-O {[%emt 0:00:25]} 9. h3 {[%emt 0:00:51]} Nb8 {[%emt 0:00:10]} 10. d4 {[%emt 0:01:51]} Nbd7 {[%emt 0:00:16]} 11. Nbd2 {[%emt 0:00:54]} c5 {[%emt 0:00:15]} 12. Nf1 {[%emt 0:01:06]} Re8 {[%emt 0:00:21]} 13. Ng3 {[%emt 0:00:38]} Bf8 {[%emt 0:00:09]} 14. a4 {[%emt 0:00:50]} Bb7 {[%emt 0:00:38]} 15. Bc2 {[%emt 0:01:35]} cxd4 {[%emt 0:02:12]} 16. cxd4 {[%emt 0:00:21]} exd4 {[%emt 0:01:13]} 17. axb5 {[%emt 0:05:20]} axb5 {[%emt 0:00:10]} 18. Rxa8 $11 {[%emt 0:00:12]} Bxa8 {[%emt 0:04:57]} 19. Qxd4 {[%emt 0:07:03]} d5 {[%emt 0:32:02]} 20. e5 {[%emt 0:04:04]} Ne4 {[%emt 0:00:16]} 21. Nxe4 {[%emt 0:11:22]} dxe4 {[%emt 0:00:08]} 22. Bg5 {[%emt 0:17:51]} f6 {[%emt 0:33:01]} 23. exf6 {[%emt 0:01:52]} gxf6 {[%emt 0:02:25]} 24. Bb3+ {[%emt 0:00:20]} Kg7 {[%emt 0:07:39]} 25. Nh4 {[%emt 0:03:51]} Ne5 {[%emt 0:02:32]} 26. Nf5+ {[%emt 0:11:20]} Kg6 {[%emt 0:00:06]} 27. Nh4+ {[%emt 0:00:06]} Kg7 {[%emt 0:00:10]} 28. Be3 {[%emt 0:00:38]} Qxd4 {[%emt 0:01:38]} 29. Nf5+ {[%emt 0:00:06]} Kg6 {[%emt 0:00:54]} 30. Nxd4 {[%emt 0:00:17]} Nd3 {[%emt 0:03:00]} 31. Ra1 {[%emt 0:01:51]} Bc5 {[%emt 0:03:19]} 32. Nxb5 {[%emt 0:00:39]} Bxe3 {[%emt 0:01:01]} 33. fxe3 {[%emt 0:00:07]} Rb8 {[%emt 0:00:15]} 34. Nd4 {[%emt 0:02:08]} Nxb2 {[%emt 0:01:18]} 35. Be6 {[%emt 0:00:22]} Nd3 {[%emt 0:03:36]} 36. Bf5+ {[%emt 0:00:43]} Kh6 {[%emt 0:00:27]} 37. Ra6 {[%emt 0:03:24]} Kg5 {[%emt 0:01:02]} 38. Ra5 {[%emt 0:02:07]} Ne5 {[%emt 0:00:38]} 39. Bxh7 {[%emt 0:01:42]} Rb1+ {[%emt 0:00:32]} 40. Kf2 {[%emt 0:01:30]} Bb7 {[%emt 0:00:49]} 41. Rb5 {[%emt 0:31:31]} Rxb5 {[%emt 0:01:50]} 42. Nxb5 {[%emt 0:00:00]} Nc4 {[%emt 0:09:31]} 43. Bg8 {[%emt 0:00:00]} Nb2 {[%emt 0:01:23]} 44. Nd6 {[%emt 0:00:00]} Bc6 {[%emt 0:00:20]} 45. Bh7 {[%emt 0:00:00]} Nd3+ {[%emt 0:02:29]} 46. Kg3 {[%emt 0:00:00]} Nc5 {[%emt 0:00:06]} 47. Nf7+ {[%emt 0:00:00]} Kh5 {[%emt 0:00:08]} 48. Bf5 {[%emt 0:00:00]} Nb7 {[%emt 0:05:15]} 49. h4 {[%emt 0:00:00]} Bd5 {[%emt 0:00:55]} 50. Nh8 {[%emt 0:00:00]} Nd6 {[%emt 0:02:19]} 51. Bg4+ {[%emt 0:00:00]} Kh6 {[%emt 0:00:04]} 52. h5 {[%emt 0:00:00]} f5 {[%emt 0:01:28]} 53. Be2 {[%emt 0:00:00]} Kg5 {[%emt 0:01:28]} 54. Ng6 {[%emt 0:00:00]} Bc4 {[%emt 0:07:28]} 55. Bd1 {[%emt 0:00:00]} Nf7 {[%emt 0:02:16]} 56. Nf4 {[%emt 0:00:00]} Ne5 {[%emt 0:00:11]} 57. Nh3+ {[%emt 0:00:00]} Kf6 {[%emt 0:00:03]} 58. Ba4 {[%emt 0:00:00]} Bf7 {[%emt 0:00:45]} 59. Bd1 {[%emt 0:00:00]} Nc4 {[%emt 0:00:48]} 60. Kf4 {[%emt 0:00:00]} Nb6 {[%emt 0:00:07]} 61. Kg3 {[%emt 0:00:00]} Nd5 {[%emt 0:00:41]} 62. Kf2 {[%emt 0:00:00]} Nc3 {[%emt 0:00:16]} 63. Be2 {[%emt 0:00:00]} Nxe2 {[%emt 0:00:47]} 64. Kxe2 {[%emt 0:00:00]} Bxh5+ {[%emt 0:00:03]} 65. Kf2 {[%emt 0:00:00]} Be8 {[%emt 0:01:23]} 66. Kg3 {[%emt 0:00:00]} Ke5 {[%emt 0:01:02]} 67. Nf4 {[%emt 0:00:00]} Bf7 {[%emt 0:00:30]} 68. Kh4 {[%emt 0:00:00]} Kf6 {[%emt 0:00:19]} 69. g3 {[%emt 0:00:00]} Bc4 {[%emt 0:00:26]} 1/2-1/2

[Event "WJCC U20 Girls 2019"]
[Site "New Delhi"]
[Date "2019.10.19"]
[Round "6.11"]
[White "Priyanka, Kumari"]
[Black "Song, Yuxin"]
[Result "1/2-1/2"]
[WhiteElo "1921"]
[BlackElo "2292"]
[Annotator "NA"]
[PlyCount "109"]
[EventDate "2019.10.15"]
[EventType "swiss"]
[EventCountry "IND"]
[SourceTitle "playchess.com"]
[Source "ChessBase"]
[SourceQuality "1"]
[TimeControl "40/5400+30:1800+30"]

1. e4 {[%emt 0:00:00]} c5 {[%emt 0:00:00]} 2. Nf3 {[%emt 0:00:00]} d6 {[%emt 0:00:00]} 3. d4 {[%emt 0:00:00]} cxd4 {[%emt 0:00:00]} 4. Nxd4 {[%emt 0:00:00]} Nf6 {[%emt 0:00:01]} 5. Nc3 {[%emt 0:00:11]} a6 {[%emt 0:00:07]} 6. Be2 {[%emt 0:00:22]} e5 {[%emt 0:00:09]} 7. Nf3 {[%emt 0:00:18]} h6 {[%emt 0:00:09]} 8. Nd2 {[%emt 0:01:22]} Be7 {[%emt 0:00:07]} 9. Nc4 {[%emt 0:02:15]} b5 {[%emt 0:00:06]} 10. Ne3 {[%emt 0:00:22]} O-O {[%emt 0:00:06]} 11. O-O {[%emt 0:09:30]} Nbd7 {[%emt 0:02:07]} 12. Ncd5 {[%emt 0:07:16]} Nxd5 $11 {[%emt 0:05:55]} 13. Nxd5 {[%emt 0:05:56]} Nc5 {[%emt 0:00:27]} 14. f3 {[%emt 0:12:40]} Bb7 {[%emt 0:10:41]} 15. Be3 {[%emt 0:04:45]} Bg5 {[%emt 0:02:26]} 16. Bxg5 {[%emt 0:10:13]} Qxg5 {[%emt 0:00:10]} 17. Qc1 {[%emt 0:02:03]} Qxc1 {[%emt 0:02:00]} 18. Raxc1 {[%emt 0:04:04]} Bxd5 {[%emt 0:01:30]} 19. exd5 {[%emt 0:00:05]} Na4 {[%emt 0:00:08]} 20. Rb1 {[%emt 0:10:22]} Rac8 {[%emt 0:02:22]} 21. c3 {[%emt 0:06:07]} Rc5 {[%emt 0:01:54]} 22. Bd1 {[%emt 0:05:15]} Nb6 {[%emt 0:12:31]} 23. Bb3 {[%emt 0:00:17]} a5 {[%emt 0:00:07]} 24. a3 {[%emt 0:01:04]} a4 {[%emt 0:00:14]} 25. Ba2 {[%emt 0:00:05]} Nc4 {[%emt 0:00:06]} 26. Bxc4 {[%emt 0:02:42]} bxc4 {[%emt 0:00:17]} 27. Rbd1 {[%emt 0:00:20]} Rb8 {[%emt 0:00:24]} 28. Rf2 {[%emt 0:00:13]} f5 {[%emt 0:03:08]} 29. Re2 {[%emt 0:00:38]} Kf7 {[%emt 0:01:49]} 30. Kf2 {[%emt 0:00:24]} Kf6 {[%emt 0:02:35]} 31. Ke3 {[%emt 0:01:39]} Rcb5 {[%emt 0:02:07]} 32. Rdd2 {[%emt 0:00:07]} g5 {[%emt 0:01:46]} 33. g4 {[%emt 0:02:36]} f4+ {[%emt 0:06:26]} 34. Kf2 {[%emt 0:00:32]} h5 {[%emt 0:02:14]} 35. gxh5 {[%emt 0:07:47]} Rh8 {[%emt 0:00:14]} 36. Re4 {[%emt 0:02:20]} Rxh5 {[%emt 0:02:28]} 37. Kg2 {[%emt 0:00:20]} Rc5 {[%emt 0:00:13]} 38. Rd1 {[%emt 0:01:01]} Kf5 {[%emt 0:00:30]} 39. h3 {[%emt 0:00:19]} Rc8 {[%emt 0:00:53]} 40. Re2 {[%emt 0:00:36]} Rh7 {[%emt 0:00:58]} 41. Rde1 {[%emt 0:32:45]} Rb7 {[%emt 0:31:33]} 42. Rd1 {[%emt 0:00:00]} Rb5 {[%emt 0:00:00]} 43. Kf2 {[%emt 0:00:00]} Rh8 {[%emt 0:00:00]} 44. Kg2 {[%emt 0:00:00]} Rb7 {[%emt 0:00:00]} 45. Rf1 {[%emt 0:00:00]} Rbh7 {[%emt 0:00:00]} 46. Rh1 {[%emt 0:00:00]} Rb8 {[%emt 0:00:00]} 47. Rd1 {[%emt 0:00:00]} Rb5 {[%emt 0:00:00]} 48. Rdd2 {[%emt 0:00:00]} Rc7 {[%emt 0:00:00]} 49. Re1 {[%emt 0:00:00]} Rcb7 {[%emt 0:00:00]} 50. Ree2 {[%emt 0:00:00]} Rc5 {[%emt 0:00:00]} 51. Re1 {[%emt 0:00:00]} Rbb5 {[%emt 0:00:00]} 52. Red1 {[%emt 0:00:00]} e4 {[%emt 0:00:00]} 53. fxe4+ {[%emt 0:00:00]} Kxe4 {[%emt 0:00:00]} 54. Re2+ {[%emt 0:00:00]} Kf5 {[%emt 0:00:00]} 55. Rd4 {[%emt 0:00:00] Ke5} 1/2-1/2

[Event "WJCC U20 Girls 2019"]
[Site "New Delhi"]
[Date "2019.10.19"]
[Round "6.12"]
[White "Li, Yunshan"]
[Black "Nomindalai Tumurbaatar"]
[Result "1/2-1/2"]
[WhiteElo "2289"]
[BlackElo "2061"]
[Annotator "NA"]
[PlyCount "119"]
[EventDate "2019.10.15"]
[EventType "swiss"]
[EventCountry "IND"]
[SourceTitle "playchess.com"]
[Source "ChessBase"]
[SourceQuality "1"]
[TimeControl "40/5400+30:1800+30"]

1. d4 {[%emt 0:00:00]} d6 {[%emt 0:00:00]} 2. Nf3 {[%emt 0:00:00]} Nf6 {[%emt 0:00:07]} 3. c4 {[%emt 0:00:16]} Nbd7 {[%emt 0:00:15]} 4. Nc3 {[%emt 0:06:45]} e5 {[%emt 0:00:22]} 5. e4 {[%emt 0:08:01]} Be7 {[%emt 0:00:27]} 6. g3 {[%emt 0:04:44]} O-O {[%emt 0:04:50]} 7. Bg2 {[%emt 0:01:16]} c6 {[%emt 0:00:30]} 8. O-O {[%emt 0:02:29]} a6 {[%emt 0:06:33]} 9. Re1 {[%emt 0:12:07]} Qc7 {[%emt 0:11:00]} 10. Nh4 {[%emt 0:11:18]} Re8 {[%emt 0:05:45]} 11. Nf5 {[%emt 0:03:19]} Bf8 {[%emt 0:00:20]} 12. Ne3 {[%emt 0:10:09]} g6 {[%emt 0:02:28]} 13. b3 {[%emt 0:03:24]} exd4 {[%emt 0:09:51]} 14. Qxd4 {[%emt 0:00:08]} Bg7 {[%emt 0:00:26]} 15. Bb2 {[%emt 0:00:38]} Qb8 {[%emt 0:09:26]} 16. Qd2 {[%emt 0:05:39]} Nc5 {[%emt 0:03:32]} 17. f3 {[%emt 0:04:47]} b5 {[%emt 0:07:58]} 18. Rad1 {[%emt 0:02:27]} Nb7 {[%emt 0:03:25]} 19. Qc1 {[%emt 0:02:59]} Na5 {[%emt 0:03:27]} 20. Qa1 {[%emt 0:01:39]} Nd7 {[%emt 0:05:08]} 21. Rd2 {[%emt 0:06:46]} Nb6 {[%emt 0:04:48]} 22. cxb5 {[%emt 0:02:27]} axb5 {[%emt 0:00:10]} 23. Qc1 {[%emt 0:01:03]} Nb7 {[%emt 0:02:29]} 24. Ne2 {[%emt 0:01:18]} Bxb2 {[%emt 0:00:11]} 25. Qxb2 {[%emt 0:00:30]} Bd7 {[%emt 0:01:54]} 26. Red1 {[%emt 0:02:53]} Qa7 {[%emt 0:00:53]} 27. Kh1 {[%emt 0:00:48]} Qa3 {[%emt 0:03:05]} 28. Qd4 {[%emt 0:01:54]} Nc8 {[%emt 0:00:07]} 29. Nf4 {[%emt 0:01:58]} Qa7 {[%emt 0:02:00]} 30. Qd3 {[%emt 0:00:34]} Nc5 {[%emt 0:02:57]} 31. Qc3 {[%emt 0:01:41]} b4 {[%emt 0:00:09]} 32. Qd4 {[%emt 0:01:14]} Ne6 {[%emt 0:01:11]} 33. Qd3 {[%emt 0:00:21]} Nxf4 {[%emt 0:05:34]} 34. gxf4 {[%emt 0:00:03]} d5 {[%emt 0:01:21]} 35. Nc2 {[%emt 0:01:08]} Qb8 {[%emt 0:00:40]} 36. f5 {[%emt 0:00:41]} Rxa2 {[%emt 0:01:27]} 37. fxg6 {[%emt 0:00:13]} hxg6 {[%emt 0:00:06]} 38. Nxb4 {[%emt 0:00:43]} Rxd2 {[%emt 0:00:37]} 39. Qxd2 {[%emt 0:00:03]} Ne7 {[%emt 0:00:45]} 40. Nd3 {[%emt 0:01:01]} dxe4 {[%emt 0:02:05]} 41. Nc5 {[%emt 0:02:15]} Bf5 {[%emt 0:05:02]} 42. fxe4 {[%emt 0:01:06]} Bg4 {[%emt 0:00:15]} 43. Rf1 {[%emt 0:01:20]} Qc7 {[%emt 0:08:16]} 44. Qg5 {[%emt 0:04:41]} Be2 {[%emt 0:02:01]} 45. Re1 {[%emt 0:05:01]} Bb5 {[%emt 0:01:44]} 46. e5 {[%emt 0:05:22]} Nf5 {[%emt 0:00:35]} 47. e6 {[%emt 0:02:05]} Kg7 {[%emt 0:00:49]} 48. Nd7 {[%emt 0:03:16]} Qd8 {[%emt 0:04:29]} 49. Qxd8 {[%emt 0:02:50]} Rxd8 {[%emt 0:00:05]} 50. Ne5 {[%emt 0:00:15]} fxe6 {[%emt 0:00:24]} 51. Bxc6 {[%emt 0:00:27]} Rb8 {[%emt 0:01:05]} 52. b4 {[%emt 0:02:56]} Nd4 {[%emt 0:01:08]} 53. Be4 {[%emt 0:00:36]} Be8 {[%emt 0:00:43]} 54. Rb1 {[%emt 0:01:18]} Rb5 {[%emt 0:00:15]} 55. Nc4 {[%emt 0:00:30]} Bc6 {[%emt 0:00:24]} 56. Nd6 {[%emt 0:01:02]} Bxe4+ {[%emt 0:00:21]} 57. Nxe4 {[%emt 0:00:03]} Nc6 {[%emt 0:00:16]} 58. Nc5 {[%emt 0:00:26]} Rxb4 {[%emt 0:01:04]} 59. Rxb4 {[%emt 0:00:18]} Nxb4 {[%emt 0:00:04]} 60. Nxe6+ {[%emt 0:00:03]} 1/2-1/2